|
|
|
|
| LEADER |
01825nam a22004093i 4500 |
| 001 |
EBC7245072 |
| 003 |
MiAaPQ |
| 005 |
20231204023229.0 |
| 006 |
m o d | |
| 007 |
cr cnu|||||||| |
| 008 |
231204s2006 xx o ||||0 eng d |
| 020 |
|
|
|a 9781134166350
|q (electronic bk.)
|
| 020 |
|
|
|z 9780415391160
|
| 035 |
|
|
|a (MiAaPQ)EBC7245072
|
| 035 |
|
|
|a (Au-PeEL)EBL7245072
|
| 035 |
|
|
|a (OCoLC)814462276
|
| 040 |
|
|
|a MiAaPQ
|b eng
|e rda
|e pn
|c MiAaPQ
|d MiAaPQ
|
| 082 |
0 |
|
|a 355/.03300511
|
| 100 |
1 |
|
|a Hallenberg, Jan.
|
| 245 |
1 |
0 |
|a Changing Transatlantic Security Relations :
|b Do the U. S, the EU and Russia Form a New Strategic Triangle?
|
| 250 |
|
|
|a 1st ed.
|
| 264 |
|
1 |
|a Milton :
|b Taylor & Francis Group,
|c 2006.
|
| 264 |
|
4 |
|c ©2006.
|
| 300 |
|
|
|a 1 online resource (264 pages)
|
| 336 |
|
|
|a text
|b txt
|2 rdacontent
|
| 337 |
|
|
|a computer
|b c
|2 rdamedia
|
| 338 |
|
|
|a online resource
|b cr
|2 rdacarrier
|
| 490 |
1 |
|
|a Contemporary Security Studies
|
| 520 |
|
|
|a The strategic triangle is used as an organizing principle for the study of the security relationships among the United States, the EU and Russia in the greater transatlantic sphere.
|
| 588 |
|
|
|a Description based on publisher supplied metadata and other sources.
|
| 590 |
|
|
|a Electronic reproduction. Ann Arbor, Michigan : ProQuest Ebook Central, 2023. Available via World Wide Web. Access may be limited to ProQuest Ebook Central affiliated libraries.
|
| 655 |
|
4 |
|a Electronic books.
|
| 700 |
1 |
|
|a Karlsson, Håkan.
|
| 776 |
0 |
8 |
|i Print version:
|a Hallenberg, Jan
|t Changing Transatlantic Security Relations
|d Milton : Taylor & Francis Group,c2006
|z 9780415391160
|
| 797 |
2 |
|
|a ProQuest (Firm)
|
| 830 |
|
0 |
|a Contemporary Security Studies
|
| 856 |
4 |
0 |
|u https://ebookcentral.proquest.com/lib/matrademy/detail.action?docID=7245072
|z Click to View
|